000 01029cam a22002531i 4500
003 SA-RiAUC
005 20250624112209.0
008 250622s1998 su g f00010 ara c
020 _a9960770958
040 _aSA-RIMASH
_bara
_cSA-RiAUC
_erda
082 0 4 _a227.6
_qSA-RiAUC
090 _a227.6
_bت ف س
245 0 2 _aالتفسير الميسر /
_cإعداد نخبة من العلماء ؛ إشراف عبد الله بن عبد المحسن التركي.
264 1 _aالمدينة المنورة :
_bمجمع الملك فهد لطباعة المصحف الشريف،
_c1998
300 _a624 صفحة ؛
_c28 × 19 سم
336 _aنص
_btxt
_2rdacontent
_3كتاب
337 _aبدون وسيط
_bn
_2rdamedia
338 _aمجلد
_bnc
_2rdacarrier
630 2 7 _aالقرآن
_xتفاسير حديثة
_2aucut
700 1 _aالتركي، عبد الله بن عبد المحسن،
_d1359 هجري-
_eمشرف.
730 2 2 _aالقرآن
942 _2ddc
_cBOOK
_n0
949 _aSA-JeALM
_d250622
_umohamedma123
_n1
999 _c9136
_d9136